Catálogo
 En Linea

Mujeres y violencia : (Registro nro. 24329)

Detalles MARC
000 -CABECERA
campo de control de longitud fija 00821nam a2200193 a 4500
001 - NÚMERO DE CONTROL
campo de control 000024836
005 - FECHA Y HORA DE LA ÚLTIMA TRANSACCIÓN
campo de control 20200930023411.0
008 - DATOS DE LONGITUD FIJA--INFORMACIÓN GENERAL
campo de control de longitud fija 110204s2000 pn ad r 000 0 spa d
020 ## - NÚMERO INTERNACIONAL ESTÁNDAR DEL LIBRO
Número Internacional Estándar del Libro 9962606152
040 ## - FUENTE DE LA CATALOGACIÓN
Centro catalogador/agencia de origen DO-SdBNP
Lengua de catalogación spa
Centro/agencia transcriptor BNPHU
082 ## - NÚMERO DE LA CLASIFICACIÓN DECIMAL DEWEY
Número de clasificación xxxx
Número de documento/Ítem P964m
049 ## - FONDOS LOCALES (OCLC)
Fondos de biblioteca BNGR
110 2# - ENTRADA PRINCIPAL--NOMBRE DE ENTIDAD CORPORATIVA
Nombre de entidad corporativa o nombre de jurisdicción como elemento de entrada Programa Promoción de la Igualdad de Oportunidades en Panamá (PROIGUALDAD)
9 (RLIN) 50979
245 10 - MENCIÓN DE TÍTULO
Título Mujeres y violencia :
Resto del título Historia de vida /.
260 ## - PUBLICACIÓN, DISTRIBUCIÓN, ETC.
Lugar de publicación, distribución, etc. [Ciudad de Panamá] :
Nombre del editor, distribuidor, etc. Instituto de la Mujer de la Universidad de Panamá,
Fecha de publicación, distribución, etc. 2000.
300 ## - DESCRIPCIÓN FÍSICA
Extensión 183 p. :
Otras características físicas il., retrs. ;
Dimensiones 21 cm.
500 ## - NOTA GENERAL
Nota general En la portada: Diagnóstico de la situación socioeconómica con enfoque de género en los corregimientos de Santa Ana, San Felipe, El Chorrillo, Calidonia, Curundú y Ancón.
500 ## - NOTA GENERAL
Nota general Incluye bibliografía p. [182-183].
Existencias
Estado de retiro Estado de pérdida Restricciones de uso No para préstamo Código de colección Localización permanente Ubicación/localización actual Ubicación en estantería Fecha de adquisición Número de inventario Total de préstamos Signatura topográfica completa Código de barras Fecha visto por última vez Precio válido a partir de Tipo de ítem Koha
        Monografías: Libros y Folletos General General En catalogación 04.02.2011 LF1   xxxx P964m 24836-10 25.06.2020 25.06.2020 Préstamo en sala

Con tecnología Koha